Film français : Le Professionnel - Statistiques

Statistiques générales
  • Ce quiz a été pris 19 fois
  • Le résultat moyen est 11 sur 22
Statistiques - réponses
Questions Réponses % Correct
Producteur du film et acteur jouant le rôle de Josselin Beaumont. Jean-Paul Belmondo
100%
Année de sortie du film. 1981
82%
Jeu auquel fait référence l'instructeur Picard lorsqu'il dit : "Il a les blancs" ou "Les blancs ont le bénéfice de l'offensive". Les échecs
82%
Compositeur de la bande originale du film. Son morceau "Chi Mai" est antérieur au film puisque le compositeur l'avait composée dix ans plus tôt pour le film italien Maddalena. Ennio Morricone
76%
Complétez cette réplique de l'instructeur Picart (Gérard Darrieu) : "Le chiendent, voyez-vous monsieur le ministre, c'est que Beaumont connaît tous les coups. Et pourquoi les connaît-il ? Parce que nous les lui avons appris. Coup par coup là, malice par la malice. Mon meilleur souvenir d'instructeur, monsieur le ministre. Si j'avais un fils, j'aimerais qu'il lui _______." Ressemble
76%
Complétez ce dialogue entre le ministre (Jean Desailly) et le colonel Martin (Jean-Louis Richard) : - Je vous demande pourquoi vous n'avez pas rappelé Beaumont ?
- Eh bien... Parce qu'on a jugé opportun en haut lieu de signaler la présence de Beaumont au président N'Jala.
- Vous l'avez vendu.
- Non. Pas vendu, monsieur le ministre. _____. Par raison d'État, c'est gratuit la raison d'État. Enfin, souvent.
Donné
71%
Acteur jouant le rôle du commissaire Rosen. Robert Hossein
71%
Dialoguiste du film non crédité à sa demande car peu inspiré par le scénario du film. Michel Audiard
65%
Boisson que sirotait l'inspecteur auxiliaire Farges au moment où Beaumont le retrouve pour la première fois. La surprise de voir ce dernier surgir derrière lui a fait en sorte qu'il renverse son breuvage. Un café
65%
Cascadeur qui coordonnait les cascades automobiles avec son équipe et l'acteur principal du film. Cascadeur qui sera emporté à 90 ans par l'épidémie de coronavirus. Rémy Julienne
59%
Complétez cette réplique de Beaumont : "Tu vois, même malin comme un ____, ça ne veut plus rien dire." Singe
59%
Région naturelle française formée en gros par le delta du Rhône dans laquelle ont été tournées quelques scènes "africaines" du film, sur le territoire du Grand Radeau. La Camargue
53%
Coscénariste et réalisateur du film. Georges Lautner
47%
Marque de nourriture pour chiens qui utilisera la même musique pour une de ses publicités à la télévision peu de temps après la sortie du film. Royal Canin
41%
Acteur jouant le rôle de l'inspecteur auxiliaire Farges. Bernard-Pierre Donnadieu
35%
Type de personnage que jouait André Weber (acteur qui avait précédemment joué dans "Le Pacha" ou "La horse"), personnage qui rendit un fier service à Beaumont pour retrouver son épouse légitime chez lui en déjouant la surveillance des hommes de Rosen. Un clochard
35%
Complétez ce dialogue entre Beaumont et Édouard Valeras (Michel Beaune) : - Et si c'était bien de tuer N'Jala hier, c'est bien de le tuer aujourd'hui!- C'était peut-être pas bien de le tuer hier... - Alors fallait pas me _______ que ça l'était!
Convaincre
29%
Complétez cette réplique de l'Instructeur Picart : "Je vais vous dire une bonne chose, M. le Ministre. S'il n'y a pas de friture sur la ligne, je veux dire, si les politicards ne le balancent pas une fois de plus, alors vraoum ! Plus de ____ ! Négro
24%
Nationalité de Sidiki Bakaba, l'acteur qui joua le rôle du compagnon d'évasion de Beaumont. Ivoirienne
18%
Château de l'Orléanais où ont été tournées les scènes finales du film dans la ville du même nom, nom que portait une célèbre amante et épouse secrète de Louis XIV. Le Château de Maintenon
18%
Premier ministre britannique de la première moitié du XXe siècle à qui la B.B.C. a consacré un film documentaire avec la musique du précédent, reprise de Maddalena. L'acteur-producteur du Professionnel découvrit cette musique par ce biais. David Lloyd George
6%
Réalisateur et scénariste que le producteur a appelé en tant que superviseur pour améliorer le scénario devant le manque d'intérêt du précédent pour le film. Francis Veber
6%
Aucun quiz correspondant
Distribution des résultats
% des personnes avec chaque résultat
Percentile par nombre de réponses
Votre historique - résultats
Vous n’avez pas pris ce quiz